| 000 | 01644cam a2200289 4500 | ||
|---|---|---|---|
| 001 | ABS66730 | ||
| 008 | 030515n2003 000 0 eng u | ||
| 035 | _a(Sirsi) u122288 | ||
| 100 | _aMcLarty, I. | ||
| 245 | _aToo many plans? | ||
| 260 | _c2003 | ||
| 490 |
_aScottish Planning and Environmental Law _v(96) April 2003, 31-33(2) |
||
| 520 | _aDebate about the number of plans, reports, strategies and programmes produced by Scottish local authorities and the way these interact with development plans and development control decisions. Highlights the Scottish Executive's "Review of strategic planning" consultation paper published in June 2001 and outlines similar measures in England and Wales to reduce bureaucracy in local government, many of which were included in the planning green paper. Questions whether the various plans are 'material considerations' and considers how they relate to determining planning applications. Provides explanations of community plan and local plan preparation procedures using the example of Renfrewshire, highlighting in particular the high level of public consultation. Concludes that confusion still exists about the relationship between development plans and other plans. | ||
| 590 | _aABS | ||
| 650 | _aMATERIAL CONSIDERATIONS | ||
| 650 | _aPLANNING POLICY | ||
| 650 | _aDEVELOPMENT PLANNING | ||
| 650 | _aLOCAL PLANNING | ||
| 650 | _aCOMMUNITY PLANS | ||
| 650 | _aPLANNING SYSTEM | ||
| 650 | _aDEVELOPMENT CONTROL | ||
| 650 | _aRENFREWSHIRE | ||
| 650 | _aSCOTLAND | ||
| 690 | _aENVIRONMENTAL AND LAND CONSULTANCY-PLANNING AND DEVELOPMENT | ||
| 700 | _aKerr, J. | ||
| 942 | _n0 | ||
| 999 |
_c72674 _d72674 |
||